000 00521ntaaa2200193 4500
003 01
005 20251027202705.0
008 0714s1973 ag 01
040 _aAR-BaBN
_bspa
_cAR-BaBN
_eaacr
_dRIC
082 _a468.0000 H87
100 _aHugh
_926542
245 _aSpanish verbs simplified
250 _a1 ed.
260 _aLondon :
_bHugo's Institute for Teaching Foreign Languages,
_cs.f.
300 _a96 p
500 _aConjugación complete de todos los verbos españoles
650 _acastellano
942 _cBK
999 _c22061
_d22061